000
00283nam a22001217a 4500
008
131127t xxu||||| |||| 00| 0 eng d
020
_a
0-471-45565-2
100
_q
Randy L. Haupt
_9
297
245
_a
Practical Genetic Algorithms
250
_a
2nd Ed
300
_a
book
942
_2
ddc
_c
BK
999
_c
16558
_d
16558